00505nam a2200205Ia 4500008004100000020001800041050001600059050001400075100001700089245003600106245001700142260001600159260002200175260000900197300001600206300001100222650001800233650002700251650002100278180523s9999 xx 000 0 und d a81-7224-072-4 aMAIN RM 217 b.B35 2003 aBakhru, H.K. 0aDiet cure for common ailments / 0cH.K. Bakhru. aNew Delhi : bJaico Publishing, c2003 a363 pages : c22 cm. aDiet therapy. aMinerals in nutrition. xVitamin therapy.